[Event "SuperUnited Rapid 2022"]
[Site "Zagreb CRO"]
[Date "2022.07.20"]
[Round "1.1"]
[White "Dominguez Perez, Leinier"]
[Black "So, Wesley"]
[Result "1/2-1/2"]
[WhiteTitle "GM"]
[BlackTitle "GM"]
[WhiteElo "2754"]
[BlackElo "2773"]
[WhiteFideId "3503240"]
[BlackFideId "5202213"]
[EventDate "2022.07.20"]

1. e4 e5 2. Nf3 Nc6 3. Bb5 Nf6 4. O-O Nxe4 5. Re1 Nd6 6. Nxe5 Be7 7. Bf1 Nxe5 8.
Rxe5 O-O 9. d4 Bf6 10. Re1 Re8 11. Bf4 Rxe1 12. Qxe1 Ne8 13. Nc3 Bxd4 14. Nd5 c6
15. Ne7+ Kf8 16. Nxc8 Qf6 17. Rd1 Rxc8 18. Qe4 Bc5 19. Rxd7 Rd8 20. Rxd8 Qxd8
21. Qf5 Bb6 22. c3 Qf6 23. Bd3 Qxf5 24. Bxf5 Bc7 25. Be3 Bb6 26. Bf4 Bc7 27. Bd2
g6 28. Bd3 h5 29. g3 Ke7 30. Kg2 Ng7 31. f4 f5 32. h3 Ne6 33. Kf3 Kf6 34. a4 g5
35. fxg5+ Nxg5+ 36. Kg2 Ne6 37. Be2 f4 38. Bxh5 fxg3 39. Bd1 Nf4+ 40. Kxg3 Nd3+
41. Kf3 Nxb2 42. Bb3 b5 43. axb5 cxb5 44. Ke4 a5 45. Bc1 Nc4 46. Kd5 Be5 47.
Bxc4 bxc4 48. Kxc4 Kg6 49. Ba3 Kh5 50. Be7 a4 51. Kb4 a3 52. Kxa3 Bxc3 53. Kb3
Be1 54. h4 Bxh4 55. Bxh4 Kxh4 1/2-1/2

[Event "SuperUnited Rapid 2022"]
[Site "Zagreb CRO"]
[Date "2022.07.20"]
[Round "1.2"]
[White "Firouzja, Alireza"]
[Black "Saric, Ivan"]
[Result "1-0"]
[WhiteTitle "GM"]
[BlackTitle "GM"]
[WhiteElo "2793"]
[BlackElo "2680"]
[WhiteFideId "12573981"]
[BlackFideId "14508150"]
[EventDate "2022.07.20"]

1. e4 c5 2. Nf3 d6 3. Nc3 Nf6 4. h3 e5 5. Bc4 Be7 6. d3 O-O 7. Nh2 Nc6 8. Ng4
Be6 9. Ne3 Nd4 10. O-O Rb8 11. a4 a6 12. Ncd5 b5 13. axb5 axb5 14. Nxf6+ Bxf6
15. Bd5 b4 16. c3 bxc3 17. bxc3 Nb3 18. Bxe6 fxe6 19. Rb1 Nxc1 20. Qxc1 Bg5 21.
Re1 Qf6 22. Rb2 h6 23. Qc2 Bxe3 24. Rxe3 Rxb2 25. Qxb2 Qh4 26. Re1 Kh7 27. Qe2
Rf6 28. Ra1 Qf4 29. c4 Rf7 30. g3 Qf3 31. Qxf3 Rxf3 32. Ra3 Kg6 33. Kg2 Rf7 34.
Ra6 Rd7 35. Kf3 Kf6 36. Kg4 g6 37. h4 h5+ 38. Kf3 Ke7 39. g4 hxg4+ 40. Kxg4 Kf6
41. Rb6 Rd8 42. Rb7 Ra8 43. Rd7 Ra6 44. Kf3 Rb6 45. Ke3 Ra6 46. f3 Rb6 47. Kd2
Rb2+ 48. Kc3 Rf2 49. Rxd6 Rxf3 50. Rc6 Rh3 51. Rxc5 Rxh4 52. Rc8 g5 53. Rg8 Rh1
54. c5 Rg1 55. Kb4 Kf7 56. Rh8 Rc1 57. Kb5 Rc3 58. c6 Ke7 59. Rh7+ Kd8 60. Rd7+
Kc8 61. Rd6 g4 62. Rxe6 Rxd3 63. Rxe5 g3 64. Rg5 Re3 65. Kb6 Rb3+ 66. Kc5 Rc3+
67. Kd5 Rd3+ 68. Kc4 Ra3 69. Rg7 Ra1 70. Rxg3 Kc7 71. Rg6 Rc1+ 72. Kd5 Rd1+ 73.
Ke5 Re1 74. Re6 Rh1 75. Kf6 Rh6+ 76. Kf7 Rh4 77. e5 Re4 78. Kf6 Rf4+ 79. Kg5 Rf1
80. Rd6 Rf2 81. Kg6 Rf1 82. Rd2 Re1 83. Kf6 Rf1+ 84. Ke6 Rh1 85. Rc2 Rh6+ 86.
Kf7 Rh7+ 87. Kg6 Rh1 88. e6 Rg1+ 89. Kf7 Rf1+ 90. Ke8 Re1 91. e7 Rf1 92. Rh2 Rf3
93. Rd2 Rf1 94. Rd7+ Kc8 95. c7 Rh1 96. Rd8+ Kxc7 97. Kf7 1-0

[Event "SuperUnited Rapid 2022"]
[Site "Zagreb CRO"]
[Date "2022.07.20"]
[Round "1.3"]
[White "Carlsen, Magnus"]
[Black "Nepomniachtchi, Ian"]
[Result "1/2-1/2"]
[WhiteTitle "GM"]
[BlackTitle "GM"]
[WhiteElo "2864"]
[BlackElo "2766"]
[WhiteFideId "1503014"]
[BlackFideId "4168119"]
[EventDate "2022.07.20"]

1. d4 Nf6 2. c4 e6 3. Nf3 d5 4. Nc3 c5 5. cxd5 cxd4 6. Qxd4 exd5 7. e4 dxe4 8.
Qxd8+ Kxd8 9. Ng5 Be6 10. a3 Nbd7 11. Nxe6+ fxe6 12. g3 Rc8 13. Bg2 Nc5 14. O-O
Bd6 15. Rb1 Be5 16. b4 Nd3 17. Nxe4 Nxc1 18. Rfxc1 Rxc1+ 19. Rxc1 Nxe4 20. Bxe4
Bb2 21. Rb1 Bxa3 22. Rb3 Bc1 23. Bxb7 Ke7 24. b5 Rd8 25. Be4 h6 26. Kg2 Rd2 27.
Rc3 Bb2 28. Rc7+ Rd7 29. Rc2 Bd4 30. f3 Bb6 31. Kh3 Rd4 32. Rb2 Kf6 33. Kg4 Rc4
34. h4 Rc5 35. Rb1 Ke7 36. Rb3 Kf6 37. Rb1 Ke7 38. Rb3 Kf6 39. Rb1 1/2-1/2

[Event "SuperUnited Rapid 2022"]
[Site "Zagreb CRO"]
[Date "2022.07.20"]
[Round "1.4"]
[White "Topalov, Veselin"]
[Black "Vachier-Lagrave, Maxime"]
[Result "0-1"]
[WhiteTitle "GM"]
[BlackTitle "GM"]
[WhiteElo "2728"]
[BlackElo "2760"]
[WhiteFideId "2900084"]
[BlackFideId "623539"]
[EventDate "2022.07.20"]

1. d4 Nf6 2. c4 g6 3. Nf3 Bg7 4. e3 O-O 5. Be2 c5 6. d5 e6 7. Nc3 d6 8. e4 Na6
9. O-O Nc7 10. Be3 b6 11. h3 Nh5 12. dxe6 Nxe6 13. Qc1 Bb7 14. Rd1 Bxc3 15. Qxc3
Bxe4 16. g3 Re8 17. Rd2 Nhg7 18. g4 Qe7 19. Rad1 Rad8 20. Nh2 f5 21. Bh6 Nd4 22.
Rxd4 cxd4 23. Rxd4 Ne6 24. Rd1 Qh4 25. Bc1 Ng5 26. Bf1 fxg4 27. hxg4 Rf8 28. f4
Ba8 29. c5 bxc5 30. Qb3+ Rf7 31. Bd2 Ne4 32. Ba5 Qf2+ 0-1

[Event "SuperUnited Rapid 2022"]
[Site "Zagreb CRO"]
[Date "2022.07.20"]
[Round "1.5"]
[White "Mamedyarov, Shakhriyar"]
[Black "Van Foreest, Jorden"]
[Result "0-1"]
[WhiteTitle "GM"]
[BlackTitle "GM"]
[WhiteElo "2759"]
[BlackElo "2678"]
[WhiteFideId "13401319"]
[BlackFideId "1039784"]
[EventDate "2022.07.20"]

1. d4 d5 2. c4 e6 3. Nf3 Nf6 4. Nc3 a6 5. cxd5 exd5 6. Bg5 Be6 7. Qb3 Nbd7 8. e3
Rb8 9. Qc2 Bd6 10. Bd3 c6 11. Rb1 Qc7 12. b4 O-O 13. Bh4 Bg4 14. Ng5 h6 15. Nh7
Nxh7 16. Bxh7+ Kh8 17. Bd3 Rfe8 18. h3 Be6 19. Ne2 Nb6 20. O-O Nc4 21. Bxc4 dxc4
22. e4 a5 23. b5 cxb5 24. Rxb5 Bd7 25. Rh5 b5 26. Nc3 Qc6 27. Nd5 Bf8 28. Bg3
Rbc8 29. Re1 b4 30. Re3 a4 31. Be5 b3 32. Qd2 a3 33. Rg3 Rxe5 34. dxe5 c3 35.
Nf6 Qxf6 36. Qxd7 Qe6 0-1

[Event "SuperUnited Rapid 2022"]
[Site "Zagreb CRO"]
[Date "2022.07.20"]
[Round "2.1"]
[White "Vachier-Lagrave, Maxime"]
[Black "So, Wesley"]
[Result "1/2-1/2"]
[WhiteTitle "GM"]
[BlackTitle "GM"]
[WhiteElo "2760"]
[BlackElo "2773"]
[WhiteFideId "623539"]
[BlackFideId "5202213"]
[EventDate "2022.07.20"]

1. e4 e5 2. Nf3 Nc6 3. Bb5 Nf6 4. O-O Nxe4 5. Re1 Nd6 6. Nxe5 Be7 7. Bf1 Nxe5 8.
Rxe5 O-O 9. d4 Bf6 10. Re1 Re8 11. Bf4 Rxe1 12. Qxe1 Ne8 13. c3 d5 14. a4 a5 15.
Nd2 c6 16. Bd3 g6 17. Nf3 Ng7 18. Qe3 Bf5 19. Re1 Bxd3 20. Qxd3 Qb6 21. Qc2 Re8
22. Rxe8+ Nxe8 23. Ne5 Bxe5 24. Bxe5 f6 25. Bf4 Kf7 26. h3 Nc7 27. Bxc7 Qxc7 28.
b4 axb4 29. cxb4 Qe7 30. b5 cxb5 31. axb5 Qd8 32. Qc5 h5 33. Kf1 Ke6 34. Ke2 h4
35. Kf3 g5 36. g3 hxg3 37. fxg3 Qe8 38. Qb6+ Kf5 39. g4+ Kg6 40. Qxb7 Qe4+ 41.
Kg3 Qe3+ 42. Kg2 Qe2+ 43. Kg3 Qe3+ 44. Kg2 Qe2+ 45. Kg3 Qe3+ 1/2-1/2

[Event "SuperUnited Rapid 2022"]
[Site "Zagreb CRO"]
[Date "2022.07.20"]
[Round "2.2"]
[White "Van Foreest, Jorden"]
[Black "Dominguez Perez, Leinier"]
[Result "1-0"]
[WhiteTitle "GM"]
[BlackTitle "GM"]
[WhiteElo "2678"]
[BlackElo "2754"]
[WhiteFideId "1039784"]
[BlackFideId "3503240"]
[EventDate "2022.07.20"]

1. c4 c5 2. Nf3 Nf6 3. g3 Nc6 4. Bg2 d5 5. cxd5 Nxd5 6. d4 cxd4 7. Nxd4 Ndb4 8.
a3 Qxd4 9. axb4 Qxd1+ 10. Kxd1 Nxb4 11. Nc3 Bf5 12. Bxb7 Rd8+ 13. Bd2 e6 14. Kc1
Bc5 15. Ra4 O-O 16. Be3 Be7 17. Rxa7 Rd7 18. Rd1 Rc7 19. Bf4 Na2+ 20. Rxa2 Rxb7
21. Bd6 Bxd6 22. Rxd6 e5 23. Ra5 f6 24. f4 Rfb8 25. fxe5 Rxb2 26. exf6 Bg6 27.
Kd1 gxf6 28. Rxf6 Kg7 29. Rd6 Rf8 30. Ke1 Rc2 31. Ra7+ Kh6 32. Nd5 Rc1+ 33. Kd2
Rh1 34. Ne3 Rb8 35. Rd5 Rb4 36. h4 Rh3 37. Rg5 Bh5 38. Nf5# 1-0

[Event "SuperUnited Rapid 2022"]
[Site "Zagreb CRO"]
[Date "2022.07.20"]
[Round "2.3"]
[White "Saric, Ivan"]
[Black "Mamedyarov, Shakhriyar"]
[Result "1/2-1/2"]
[WhiteTitle "GM"]
[BlackTitle "GM"]
[WhiteElo "2680"]
[BlackElo "2759"]
[WhiteFideId "14508150"]
[BlackFideId "13401319"]
[EventDate "2022.07.20"]

1. e4 e5 2. Nf3 Nc6 3. Bb5 a6 4. Ba4 Nf6 5. O-O Nxe4 6. d4 b5 7. Bb3 d5 8. dxe5
Be6 9. c3 Be7 10. Nbd2 Nc5 11. Bc2 d4 12. Nb3 d3 13. Bb1 Nxb3 14. axb3 Bf5 15.
Re1 O-O 16. Be3 Qd5 17. Bd4 Rfd8 18. h4 Bg6 19. Bxd3 Bxd3 20. Qxd3 Qxb3 21. e6
fxe6 22. Qe4 Qc4 23. Qg4 Nxd4 24. cxd4 Bf6 25. Rac1 Qd5 26. Rxc7 Qf5 27. Qg3 h5
28. Rc6 Bxd4 29. Nxd4 Rxd4 30. Rcxe6 Rf8 31. Rg6 Rg4 32. Rxg4 hxg4 33. Qe3 Kh8
34. Qd4 Rc8 35. Re5 Qf7 36. Qxg4 Rc1+ 37. Kh2 Rc4 38. Qg5 Kh7 39. Re7 Qf4+ 40.
Qxf4 Rxf4 41. Kg3 Ra4 42. Ra7 a5 43. Ra6 g6 44. f4 Ra2 45. b3 Kh6 46. Kf3 b4 47.
g3 Ra3 48. Kg4 Kg7 49. h5 gxh5+ 50. Kh4 Kf7 51. Kxh5 Rxb3 52. Rxa5 Rxg3 53. Rb5
b3 54. Kh4 Rc3 55. Kg5 Ke7 56. f5 Rg3+ 57. Kf4 Rh3 58. Ke5 Re3+ 59. Kf4 Rh3 60.
Ke5 Re3+ 61. Kf4 Rh3 1/2-1/2

[Event "SuperUnited Rapid 2022"]
[Site "Zagreb CRO"]
[Date "2022.07.20"]
[Round "2.4"]
[White "Nepomniachtchi, Ian"]
[Black "Firouzja, Alireza"]
[Result "1/2-1/2"]
[WhiteTitle "GM"]
[BlackTitle "GM"]
[WhiteElo "2766"]
[BlackElo "2793"]
[WhiteFideId "4168119"]
[BlackFideId "12573981"]
[EventDate "2022.07.20"]

1. e4 e5 2. Nf3 Nc6 3. Bc4 Nf6 4. d3 Bc5 5. O-O d6 6. c3 O-O 7. Re1 a5 8. h3 Ba7
9. Na3 h6 10. Nb5 Bb6 11. Be3 Bxe3 12. Rxe3 Re8 13. Qb3 Be6 14. Bxe6 Rxe6 15. d4
Re8 16. d5 Ne7 17. c4 Nd7 18. Qc2 Nc5 19. b3 Rf8 20. Nh4 c6 21. dxc6 bxc6 22.
Nc3 Ne6 23. Qd2 Nd4 24. Rg3 Kh7 25. f4 Ng6 26. Nxg6 fxg6 27. fxe5 dxe5 28. Rd3
Qh4 29. Qe1 Qe7 30. Rad1 Rf4 31. Qe3 Qg5 32. Kh2 Raf8 33. R1d2 Qh5 34. Ne2 Nf3+
35. gxf3 Rxf3 36. Ng3 Rxe3 37. Nxh5 Rxd3 38. Rxd3 gxh5 39. Kg1 Rf4 40. Rd6 Rxe4
41. Rxc6 Re2 42. Rc5 Rxa2 43. Rxe5 h4 44. Rb5 a4 45. bxa4 Rxa4 46. Rc5 Ra3 47.
Kg2 Kg6 48. Rc7 Rg3+ 49. Kh2 Kf5 50. c5 g5 51. Rc6 h5 52. Rh6 Rc3 53. Rxh5 Kf4
54. Kg2 Rc2+ 55. Kg1 Rxc5 56. Kg2 Rc2+ 57. Kg1 Ra2 58. Kh1 Ra5 59. Kg2 Rb5 60.
Kf2 Rc5 61. Kg2 Ke3 62. Rh8 Rc2+ 63. Kg1 Kf3 64. Rg8 Rc1+ 65. Kh2 Rc2+ 66. Kg1 1/2-1/2

[Event "SuperUnited Rapid 2022"]
[Site "Zagreb CRO"]
[Date "2022.07.20"]
[Round "3.1"]
[White "Carlsen, Magnus"]
[Black "Vachier-Lagrave, Maxime"]
[Result "1/2-1/2"]
[WhiteTitle "GM"]
[BlackTitle "GM"]
[WhiteElo "2864"]
[BlackElo "2760"]
[WhiteFideId "1503014"]
[BlackFideId "623539"]
[EventDate "2022.07.20"]

1. e4 c5 2. Nc3 d6 3. d4 cxd4 4. Qxd4 Nc6 5. Qd2 e6 6. b3 d5 7. exd5 exd5 8.
Qxd5 Qf6 9. Bb2 Ba3 10. O-O-O Qxc3 11. Bxa3 Nf6 12. Qc4 Qa1+ 13. Kd2 Qxa2 14.
Re1+ Be6 15. Rxe6+ fxe6 16. Qxe6+ Kd8 17. Qd6+ Ke8 18. Qe6+ Kd8 19. Qd6+ Ke8 1/2-1/2

[Event "SuperUnited Rapid 2022"]
[Site "Zagreb CRO"]
[Date "2022.07.20"]
[Round "3.2"]
[White "Firouzja, Alireza"]
[Black "Topalov, Veselin"]
[Result "1-0"]
[WhiteTitle "GM"]
[BlackTitle "GM"]
[WhiteElo "2793"]
[BlackElo "2728"]
[WhiteFideId "12573981"]
[BlackFideId "2900084"]
[EventDate "2022.07.20"]

1. e4 e5 2. Nf3 Nf6 3. Nxe5 d6 4. Nf3 Nxe4 5. d4 d5 6. Bd3 Bd6 7. O-O O-O 8. c4
c6 9. Re1 Bf5 10. Qb3 Qd7 11. c5 Bc7 12. Nc3 Re8 13. g3 Ba5 14. Bf4 Bxc3 15.
bxc3 f6 16. c4 Be6 17. Bxe4 dxe4 18. Rxe4 Na6 19. Rae1 Bf7 20. Bd6 Rxe4 21. Rxe4
Re8 22. Rxe8+ Qxe8 23. Bf4 h6 24. Be3 Qd7 25. Nd2 Bg6 26. f3 f5 27. Qb2 Kh7 28.
Bf4 b6 29. cxb6 axb6 30. Qxb6 1-0

[Event "SuperUnited Rapid 2022"]
[Site "Zagreb CRO"]
[Date "2022.07.20"]
[Round "3.3"]
[White "Mamedyarov, Shakhriyar"]
[Black "Nepomniachtchi, Ian"]
[Result "1-0"]
[WhiteTitle "GM"]
[BlackTitle "GM"]
[WhiteElo "2759"]
[BlackElo "2766"]
[WhiteFideId "13401319"]
[BlackFideId "4168119"]
[EventDate "2022.07.20"]

1. d4 Nf6 2. c4 e6 3. Nf3 d5 4. Nc3 c5 5. e3 Nc6 6. cxd5 exd5 7. Bb5 cxd4 8.
exd4 Bd6 9. O-O O-O 10. Bg5 Bg4 11. Be2 Be6 12. Re1 h6 13. Bh4 Re8 14. Bb5 g5
15. Bg3 Bxg3 16. hxg3 Bg4 17. Bxc6 bxc6 18. Qd3 Bxf3 19. gxf3 Qd6 20. Kg2 Nd7
21. Rxe8+ Rxe8 22. Rh1 Nf8 23. Qa6 Re7 24. Nd1 Qg6 25. Ne3 Rxe3 26. fxe3 Qc2+
27. Kg1 Qc1+ 28. Qf1 Qxe3+ 29. Qf2 Qe6 30. Kg2 Qg6 31. Rc1 Ne6 32. Qe3 Qf6 33.
Qe5 Qg6 34. Kf2 Qd3 35. Rxc6 Qd2+ 36. Kf1 Qd1+ 37. Kg2 Qd2+ 38. Kh3 Ng7 39. Qxd5
Qf2 40. Rc8+ Kh7 41. Qxf7 g4+ 42. Kxg4 1-0

[Event "SuperUnited Rapid 2022"]
[Site "Zagreb CRO"]
[Date "2022.07.20"]
[Round "3.4"]
[White "Dominguez Perez, Leinier"]
[Black "Saric, Ivan"]
[Result "1/2-1/2"]
[WhiteTitle "GM"]
[BlackTitle "GM"]
[WhiteElo "2754"]
[BlackElo "2680"]
[WhiteFideId "3503240"]
[BlackFideId "14508150"]
[EventDate "2022.07.20"]

1. e4 c5 2. Nf3 d6 3. d4 cxd4 4. Nxd4 Nf6 5. Nc3 a6 6. Be3 e5 7. Nb3 Be7 8. f3
Be6 9. Qd2 Nbd7 10. g4 O-O 11. g5 Nh5 12. O-O-O b5 13. Kb1 Nb6 14. Na5 Rc8 15.
Nd5 Nxd5 16. exd5 Bxd5 17. Qxd5 Qxa5 18. c4 Nf4 19. Bxf4 exf4 20. h4 Qa4 21. Bd3
bxc4 22. Qe4 g6 23. Bc2 Qe8 24. Rde1 Rc7 25. h5 d5 26. Qe5 Qc6 27. hxg6 fxg6 28.
Rxh7 Kxh7 29. Ba4 Qxa4 30. Qxc7 Rf7 31. Rh1+ Kg8 32. Qe5 Rh7 33. Qxd5+ Kg7 34.
Qd4+ Kg8 35. Qd5+ Kg7 36. Qe5+ Kf8 37. Qb8+ Kg7 38. Qe5+ Kf8 39. Qb8+ Kg7 40.
Qe5+ Kf8 1/2-1/2

[Event "SuperUnited Rapid 2022"]
[Site "Zagreb CRO"]
[Date "2022.07.20"]
[Round "3.5"]
[White "So, Wesley"]
[Black "Van Foreest, Jorden"]
[Result "1-0"]
[WhiteTitle "GM"]
[BlackTitle "GM"]
[WhiteElo "2773"]
[BlackElo "2678"]
[WhiteFideId "5202213"]
[BlackFideId "1039784"]
[EventDate "2022.07.20"]

1. e4 e5 2. Nf3 Nc6 3. Bc4 Bc5 4. O-O Nf6 5. d3 d6 6. c3 a6 7. Re1 Ba7 8. a4 h6
9. Nbd2 O-O 10. h3 Re8 11. Qc2 Be6 12. Bxe6 Rxe6 13. b4 Qd7 14. Rb1 Ne7 15. Nf1
Ng6 16. Ng3 Ree8 17. c4 c6 18. c5 Rad8 19. Be3 d5 20. Nf5 Bb8 21. Rbd1 Ne7 22.
Ng3 Ng6 23. Nf5 Ne7 24. N3h4 Nxf5 25. Nxf5 Kh7 26. Ng3 Kg8 27. f3 Bc7 28. Qf2
Kh7 29. Nf5 Ng8 30. d4 Ne7 31. Nd6 Bxd6 32. cxd6 exd4 33. Bf4 Ng6 34. Bg3 dxe4
35. Rxe4 Rxe4 36. fxe4 Re8 37. Qxd4 f6 38. b5 axb5 39. axb5 Ne5 40. bxc6 bxc6
41. Qb6 Ng6 42. Qc7 Nf8 43. Rb1 Rc8 44. Qa5 c5 45. Qa6 Qe6 46. Rb7 Nd7 47. Qa7
Rd8 48. Qa5 Qxe4 49. Ra7 Rb8 50. Qd2 Ne5 51. Re7 Rb3 52. Bxe5 fxe5 53. d7 Rd3
54. d8=Q Rxd8 55. Qxd8 Qe3+ 56. Kf1 Qf4+ 57. Ke2 Qe4+ 58. Kd2 Qf4+ 59. Kc3 Qc1+
60. Kb3 Qb1+ 61. Kc4 Qc2+ 62. Kb5 c4 63. Qc7 Qxg2 64. Qxe5 1-0

[Event "SuperUnited Rapid 2022"]
[Site "Zagreb CRO"]
[Date "2022.07.21"]
[Round "4.1"]
[White "Vachier-Lagrave, Maxime"]
[Black "Van Foreest, Jorden"]
[Result "1/2-1/2"]
[WhiteTitle "GM"]
[BlackTitle "GM"]
[WhiteElo "2760"]
[BlackElo "2678"]
[WhiteFideId "623539"]
[BlackFideId "1039784"]
[EventDate "2022.07.20"]

1. e4 c6 2. d4 d5 3. exd5 cxd5 4. Bd3 Nc6 5. c3 Nf6 6. Bf4 Bg4 7. Qb3 Qd7 8. Nd2
e6 9. Ngf3 Bd6 10. Ne5 Qc7 11. O-O O-O 12. Nxg4 Bxf4 13. Nxf6+ gxf6 14. Nf3 Kh8
15. g3 Rg8 16. Kh1 Bd6 17. Rae1 f5 18. Qd1 Rg7 19. Nh4 Ne7 20. Qe2 Rd8 21. Rc1
Nc6 22. f4 a6 23. Nf3 Be7 24. c4 Qb6 25. c5 Qc7 26. a3 Bf6 27. Qe3 Rdg8 28. Rc2
h5 29. Ne5 h4 30. Rg2 Qd8 31. Nxc6 bxc6 32. Bxa6 Rg6 33. Be2 Qf8 34. Bh5 Rh6 35.
g4 Qg7 36. Qf3 fxg4 37. Rxg4 Qh7 38. Rxg8+ Kxg8 39. Bg4 Bxd4 40. f5 Rf6 41. b4
Qh6 42. b5 cxb5 43. c6 Be5 44. Qe2 Bc7 45. Rg1 Kf8 46. Qxb5 Qf4 47. Qb4+ Qxb4
48. axb4 exf5 49. Bf3 Rxc6 50. Bxd5 Rc2 51. Rg2 Rc3 52. Ra2 h3 53. Kg1 Rc1+ 54.
Kf2 Bxh2 55. Ra3 Bg1+ 56. Kg3 h2 57. Kg2 Rd1 58. Bf3 Rd2+ 59. Kh1 Bd4 60. Rb3
Ke7 61. b5 Bb6 62. Rc3 Rb2 63. Bg2 Bd4 64. Rf3 Be5 65. Rxf5 Rxb5 66. Rf1 Rc5 67.
Bh3 Rc3 68. Bg2 Ke6 69. Rf3 Rc5 70. Bh3+ Ke7 71. Rf1 f6 72. Bg2 Kf7 73. Be4 Kg7
74. Bg2 Kh6 75. Rf3 Kg5 76. Rf1 Bf4 77. Rf3 f5 78. Bh3 Rc1+ 79. Rf1 Rc3 80. Bg2
Kg4 81. Bf3+ Kg5 82. Bg2 Bg3 83. Bh3 f4 84. Bg2 Rc2 85. Be4 Rd2 86. Bf3 Kh4 87.
Bg2 Rb2 88. Rf3 Kg4 89. Rf1 Bf2 90. Bc6 Kg3 91. Bd5 Rb6 92. Be4 Rb5 93. Bc6 Rg5
94. Bb7 Rg7 95. Bd5 Re7 96. Bc6 Re2 97. Bd5 Rd2 98. Bc6 f3 99. Be4 Kf4 100. Bb7
Ke3 101. Rb1 Rd3 102. Bc6 Bg3 103. Bxf3 Kxf3 104. Rb3 Rxb3 1/2-1/2

[Event "SuperUnited Rapid 2022"]
[Site "Zagreb CRO"]
[Date "2022.07.21"]
[Round "4.2"]
[White "Saric, Ivan"]
[Black "So, Wesley"]
[Result "0-1"]
[WhiteTitle "GM"]
[BlackTitle "GM"]
[WhiteElo "2680"]
[BlackElo "2773"]
[WhiteFideId "14508150"]
[BlackFideId "5202213"]
[EventDate "2022.07.20"]

1. e4 e5 2. Nf3 Nc6 3. Bb5 Nf6 4. d3 Bc5 5. c3 O-O 6. O-O d6 7. Bg5 h6 8. Bh4 g5
9. Bg3 Nh5 10. Nbd2 Qf6 11. Bxc6 bxc6 12. d4 exd4 13. e5 Qg7 14. cxd4 Bb6 15.
Nc4 Be6 16. Rc1 g4 17. Nh4 Nxg3 18. hxg3 Rad8 19. Nxb6 axb6 20. Qe2 dxe5 21.
dxe5 c5 22. b4 c4 23. Rfe1 Qg5 24. Qe4 Ra8 25. Rxc4 Bxc4 26. Qxc4 Rae8 27. Qxc7
Re6 28. a4 Rfe8 29. Kh2 Rxe5 30. Rxe5 Rxe5 31. Qxb6 Re1 32. Qb8+ Kg7 33. Qc7 Qc1
34. Nf5+ Kg6 35. Ne7+ Kg5 36. Qxc1+ Rxc1 37. b5 Kf6 38. Nc6 Rb1 39. f3 h5 40. f4
Ke6 41. a5 Kd6 42. a6 Kc7 43. a7 Kb7 44. Nd8+ Kxa7 45. Nxf7 Kb6 46. Ng5 Kxb5 47.
Ne4 Re1 48. Nf6 Re6 49. Nd7 Kc4 50. Kg1 Kd4 51. Kf2 Ra6 52. Ne5 Ke4 53. Kf1 Ra3
54. Kf2 Rc3 55. Ng6 Rc6 56. Nh4 Ra6 57. Kg1 Rf6 58. Kf2 Kd3 59. Ke1 Ra6 60. Kf2
Ra2+ 61. Kg1 Ke2 62. Nf5 Ra1+ 63. Kh2 Kf2 64. Nh4 Rg1 65. f5 Ra1 66. Ng6 Ra6 67.
Nf4 Rf6 68. Nd3+ Ke3 69. Nf4 Rxf5 70. Ng6 Kf2 0-1

[Event "SuperUnited Rapid 2022"]
[Site "Zagreb CRO"]
[Date "2022.07.21"]
[Round "4.3"]
[White "Nepomniachtchi, Ian"]
[Black "Dominguez Perez, Leinier"]
[Result "1-0"]
[WhiteTitle "GM"]
[BlackTitle "GM"]
[WhiteElo "2766"]
[BlackElo "2754"]
[WhiteFideId "4168119"]
[BlackFideId "3503240"]
[EventDate "2022.07.20"]

1. e4 e5 2. Nf3 Nf6 3. Nxe5 d6 4. Nf3 Nxe4 5. d4 d5 6. Bd3 Nc6 7. O-O Be7 8.
Nbd2 Bf5 9. Re1 Nxd2 10. Qxd2 Bxd3 11. Qxd3 O-O 12. Re2 Qd7 13. Bf4 Rfe8 14.
Rae1 Bf8 15. c3 Rxe2 16. Rxe2 Ne7 17. Ne5 Qf5 18. Qxf5 Nxf5 19. Nd3 c6 20. g4
Nd6 21. Kf1 b6 22. a4 Rc8 23. Ne5 Rc7 24. Nd3 Rc8 25. h4 Nc4 26. Nb4 f6 27. Kg2
Kf7 28. Kf3 Bd6 29. h5 Bxf4 30. Kxf4 a5 31. Nd3 g5+ 32. hxg6+ hxg6 33. g5 Rh8
34. gxf6 Kxf6 35. Kg4 g5 36. f4 gxf4 37. Nxf4 Rg8+ 38. Kf3 Kf5 39. b3 Na3 40.
Re5+ Kf6 41. Re6+ Kf5 42. Rxc6 Nb1 43. Nxd5 Nd2+ 44. Ke3 Rg2 45. Ne7+ 1-0

[Event "SuperUnited Rapid 2022"]
[Site "Zagreb CRO"]
[Date "2022.07.21"]
[Round "4.4"]
[White "Topalov, Veselin"]
[Black "Mamedyarov, Shakhriyar"]
[Result "1/2-1/2"]
[WhiteTitle "GM"]
[BlackTitle "GM"]
[WhiteElo "2728"]
[BlackElo "2759"]
[WhiteFideId "2900084"]
[BlackFideId "13401319"]
[EventDate "2022.07.20"]

1. d4 Nf6 2. c4 g6 3. f3 d5 4. cxd5 Nxd5 5. e4 Nb6 6. Nc3 Bg7 7. Be3 O-O 8. Qd2
Nc6 9. O-O-O e5 10. d5 Nd4 11. f4 c5 12. fxe5 Bg4 13. Re1 Bxe5 14. h3 Qh4 15.
Kb1 Rfe8 16. Bd3 Bd7 17. Nf3 Nxf3 18. gxf3 Rac8 19. f4 Bd4 20. Bxd4 cxd4 21. Nb5
Qe7 22. d6 Qe6 23. e5 Qd5 24. Nc7 Rxc7 25. dxc7 Rc8 26. Be4 Qb5 27. Qxd4 Rxc7
28. Rc1 Rxc1+ 29. Rxc1 Qe2 30. h4 h5 31. b3 Qg4 32. Bxb7 Qxh4 33. a4 Qg3 34. Kb2
Be6 35. Rc3 Qh2+ 36. Ka3 Qh4 37. Bc6 Qe1 38. a5 Nc8 39. Kb4 Kg7 40. Qd8 a6 41.
Qf6+ Kh7 42. f5 gxf5 43. Qg5 h4 44. Qh5+ Kg7 45. Qg5+ Kh7 46. Qh5+ Kg7 47. Qg5+ 1/2-1/2

[Event "SuperUnited Rapid 2022"]
[Site "Zagreb CRO"]
[Date "2022.07.21"]
[Round "4.5"]
[White "Carlsen, Magnus"]
[Black "Firouzja, Alireza"]
[Result "1/2-1/2"]
[WhiteTitle "GM"]
[BlackTitle "GM"]
[WhiteElo "2864"]
[BlackElo "2793"]
[WhiteFideId "1503014"]
[BlackFideId "12573981"]
[EventDate "2022.07.20"]

1. d4 Nf6 2. c4 e6 3. g3 d5 4. Bg2 Be7 5. Nf3 O-O 6. O-O dxc4 7. Qc2 a6 8. a4
Bd7 9. Qxc4 Bc6 10. Bg5 Bd5 11. Qc2 Be4 12. Qc1 Nc6 13. Rd1 Bxf3 14. Bxf3 Nxd4
15. Kg2 c5 16. e3 Nb3 17. Rxd8 Nxc1 18. Rxa8 Rxa8 19. Bxb7 Ra7 20. Bf3 h6 21.
Nd2 Nd3 22. Bxf6 Bxf6 23. Be2 Nxb2 24. Ra2 c4 25. Nxc4 Nxc4 26. Bxc4 a5 27. Rd2
Rc7 28. Rc2 g6 29. Bd3 Rxc2 30. Bxc2 Kg7 31. h4 g5 32. hxg5 hxg5 33. g4 Bc3 34.
Bd3 Bb4 35. Bc2 Bc3 36. Bd3 1/2-1/2

[Event "SuperUnited Rapid 2022"]
[Site "Zagreb CRO"]
[Date "2022.07.21"]
[Round "5.1"]
[White "Firouzja, Alireza"]
[Black "Vachier-Lagrave, Maxime"]
[Result "1/2-1/2"]
[WhiteTitle "GM"]
[BlackTitle "GM"]
[WhiteElo "2793"]
[BlackElo "2760"]
[WhiteFideId "12573981"]
[BlackFideId "623539"]
[EventDate "2022.07.20"]

1. e4 c5 2. Nf3 d6 3. Nc3 Nf6 4. h3 a6 5. g4 d5 6. exd5 Nxd5 7. Nxd5 Qxd5 8. Bg2
Qe6+ 9. Qe2 Nc6 10. d3 h5 11. g5 Qxe2+ 12. Kxe2 e5 13. Be3 Be6 14. Nd2 Rc8 15.
Nc4 b5 16. Nb6 Rc7 17. c3 Bd6 18. a4 b4 19. Rac1 O-O 20. Nc4 Be7 21. cxb4 Nxb4
22. Nxe5 Rd8 23. Be4 g6 24. h4 Nd5 25. Bd2 Rb8 26. Nc4 Rd7 27. Rhe1 Bf8 28. Kf1
Bg7 29. Kg1 Kh7 30. a5 Rb3 31. Be3 Nb4 32. Red1 Nxd3 33. Nb6 Rd8 34. Rc2 Nxf2
35. Rxd8 Nxe4 36. Bxc5 Rg3+ 37. Kf1 Bh3+ 38. Ke1 Bg4 39. Re8 Bf3 40. Bf2 Rh3 41.
Rxe4 Bxe4 42. Rc7 Bxb2 43. Na4 Ba3 44. Rxf7+ Kg8 45. Rf4 Bd3 46. Nc5 Rh1+ 47.
Kd2 Bc1+ 48. Kxd3 Bxf4 49. Nxa6 Ra1 50. Bb6 Bg3 51. Nb4 Bxh4 52. Nc2 Rb1 53. Be3
Rb5 54. a6 Bxg5 55. a7 Ra5 56. Bxg5 Rxa7 57. Ke4 Ra5 58. Bd8 Rc5 59. Nd4 Kf7 60.
Nf3 Ke6 61. Kf4 Rc4+ 62. Kg5 Rc8 63. Kxg6 Rxd8 64. Ng5+ Ke5 65. Nf7+ Kf4 66.
Nxd8 h4 67. Ne6+ Kg4 68. Ng5 h3 1/2-1/2